Vote for Spongebob / (Record no. 9083)

MARC details
000 -LEADER
fixed length control field 01225nam a22003017a 4500
001 - CONTROL NUMBER
control field 9083
003 - CONTROL NUMBER IDENTIFIER
control field FISKH
005 - DATE AND TIME OF LATEST TRANSACTION
control field 20260313091856.0
008 - FIXED-LENGTH DATA ELEMENTS--GENERAL INFORMATION
fixed length control field 251119b cb ||||| |||| 00| 0 eng d
020 ## - INTERNATIONAL STANDARD BOOK NUMBER
International Standard Book Number 9781416984467
040 ## - CATALOGING SOURCE
Original cataloging agency FISKH
Language of cataloging eng
Transcribing agency FISKH
Modifying agency FISKH
050 ## - LIBRARY OF CONGRESS CALL NUMBER
Classification number PZ7.P269368 V
082 ## - DEWEY DECIMAL CLASSIFICATION NUMBER
Classification number 440
100 ## - MAIN ENTRY--PERSONAL NAME
Personal name Pass , Erica
245 ## - TITLE STATEMENT
Title Vote for Spongebob /
Statement of responsibility, etc. by Erica Pass : illustrated by Harry Moore
260 ## - PUBLICATION, DISTRIBUTION, ETC.
Place of publication, distribution, etc. New York :
Name of publisher, distributor, etc. Simon Spotlight / Nickelodeon ,
Date of publication, distribution, etc. 2008.
300 ## - PHYSICAL DESCRIPTION
Extent 24 unnumbered pages :
Other physical details color illustrations ;
Dimensions 20X20 cm .
490 ## - SERIES STATEMENT
Series statement SpongeBob SquarePants
505 ## - FORMATTED CONTENTS NOTE
Formatted contents note N <br/>
520 ## - SUMMARY, ETC.
Summary, etc. Juvenile Fiction. Picture Book Fiction. Humor (Fiction.) HTML:SpongeBob SquarePants has election fever-and he has it bad! Competing with Squidward to be the Krusty Krab's first Royal Krabby, he's forgetting all about work in order to win votes. And Mr. Krabs isn't too pleased. Find out what happens in this royal election rumble!<br/><br/>.
521 8# - TARGET AUDIENCE NOTE
Target audience note 580 <br/>
Source Lexile estimate <br/>
521 8# - TARGET AUDIENCE NOTE
Target audience note N <br/>
Source Raz-Plus <br/>
650 ## - SUBJECT ADDED ENTRY--TOPICAL TERM
Topical term or geographic name entry element SpongeBob
Form subdivision Children's Books
650 ## - SUBJECT ADDED ENTRY--TOPICAL TERM
Topical term or geographic name entry element Character counts
Form subdivision Children's Books
700 ## - ADDED ENTRY--PERSONAL NAME
Personal name Moore, Harry
Relator term Illustrator
942 ## - ADDED ENTRY ELEMENTS (KOHA)
Source of classification or shelving scheme Dewey Decimal Classification
Koha item type Books
Suppress in OPAC No
Holdings
Withdrawn status Lost status Source of classification or shelving scheme Damaged status Not for loan Collection Home library Current library Shelving location Date acquired Total Checkouts Full call number Barcode Date due Date last seen Date last checked out Copy number Price effective from Koha item type
    Dewey Decimal Classification     Juvenile Fiction Footprints International School Library Network Toul Tom Poung Campus Footprints International School Library Network Toul Tom Poung Campus TTP Primary Yellow Bookshelves 11/19/2025 2 PAS 440 PZ7.P269368 V FISTK02893 05/08/2026 04/24/2026 04/24/2026 1 11/19/2025 Books
    Dewey Decimal Classification     Juvenile Fiction Footprints International School Library Network Toul Tom Poung Campus Footprints International School Library Network Toul Tom Poung Campus TTP Primary Yellow Bookshelves 03/13/2026   PAS 440 PZ7.P269368 V 2026-0312   03/13/2026   2 03/13/2026 Books